1733 1444 1759 1237 1874 1256 1914 1749 1594 1052 1383 1945 1817 1641 1816 1115 1216 1219 1843 1696 1788 1355 1272 1777 1441 1204 1763 1773 1069 1139 1132 1434 1815 1323 1109 1373 1972 1600 1832 1111 1206 1097 1464 1547 1284 1420 1942 1765 1508 1413 1107 1515 1515 1323 1492 1619 1750 1666 1585 1748 1900 1285 1022 1597 1138 1148 1797 1325 1779 1657 1082 1968 1991 1047 1848 1445 1964 1588 1782 1516 1194 1166 1327 1301 1139 1376 1234 1054 1978 1802 1898 1572 1979 1848 1345 1680 1027 1530 1336 BCNSPRNW ULIB Ver.6.0+V

เปลี่ยนเป็นภาษาไทย

Change to English
 แสดงรายละเอียดบรรณานุกรม
  กลับหน้าหลัก

Brief Record : Get Marc (ISO 2709) : E-mail record : QR code < ปิดหน้าต่าง
LEADER : 00000nam 2200000uu 4500
001    13399111441
003     ULIB
008    110627s||||||||th 000 0 tha d
020    9786165010078
090    นว.^bห481ห 2554
100 0  หัสบรรณ
245 00 หนึ่งจันทร์พันราตรี/^cหัสบรรณ
250    พิมพ์ครั้งที่ 1
260    นนทบุรี :^bPrincess,^c2554
300    376 หน้า
945    ^p240^l0^i030180
995    ทศพร
999 ^a ใช้งานได้ทุกระบบ
รายการนี้ยังไม่มีแท็ก
คุณยังไม่ได้ล็อกอิน คุณสามารถมีกิจกรรมร่วมกับเว็บไซต์ได้ แต่ต้องล็อกอินก่อน ::
  ล็อกอิน

รายการสื่อสารสนเทศ

ลำดับที่ ประเภท เลขเรียก/บาร์โค้ด สถานที่ สถานะ
- ไม่พบข้อมูล -

รายการใกล้เคียง
    ผู้แต่ง [หัสบรรณ]

BibComment


ยังไม่เคยถูกคอมเมนท์

คอมเมนท์ทรัพยากรรายการนี้
  คอมเมนท์: หนึ่งจันทร์พันราต..


 Copyright 2026. Bcnsprnw @Library